Regiones de España de más pobladas a menos pobladas. - Estadísticas

Estadísticas generales
  • Esta prueba ha sido intentada 154 veces
  • La puntuación promedio es 14 de 17
Estadísticas de respuestas
Población Regiones % Correcto
7 901 963 Cataluña
99%
8 584 147 Andalucía
98%
6 871 903 Comunidad de Madrid
97%
5 216 195 Comunidad Valenciana
97%
2 699 424 Galicia
95%
2 383 703 Castilla y León
90%
2 216 302 País Vasco
88%
2 084 086 Castilla-La Mancha
84%
2 213 016 Canarias
82%
1 341 289 Aragón
80%
1 551 692 Región de Murcia
80%
1 054 306 Extremadura
76%
1 209 906 Islas Baleares
76%
322 382 La Rioja
76%
672 155 Comunidad Foral de Navarra
74%
1 006 060 Principado de Asturias
73%
588 387 Cantabria
72%
No se encontraron pruebas coincidentes
Distribución de puntuación
Porcentaje de gente con cada puntuación
Porcentaje por número respondido
Historial de tus puntuaciones
No has intentado esta prueba.